LGA's of Tasmania - Statistics

General Stats
  • This quiz has been taken 10 times
  • The average score is 18 of 29
Answers on the Map
Answers color-coded by a green-red scale on the quiz's map according to % correct below.
 
Answer Stats
Answer % Correct
Burnie
90%
Hobart
90%
Launceston
90%
Devonport
80%
Glenorchy
80%
Huon Valley
80%
Brighton
70%
Central Highlands
70%
Flinders
70%
King Island
70%
West Coast
70%
Break O'Day
60%
Clarence
60%
George Town
60%
Kingborough
60%
Northern Midlands
60%
Southern Midlands
60%
Tasman
60%
Dorset
50%
Meander Valley
50%
Waratah–Wynyard
50%
West Tamar
50%
Central Coast
40%
Circular Head
40%
Derwent Valley
40%
Glamorgan–Spring Bay
40%
Kentish
40%
Latrobe
40%
Sorell
30%
No matching quizzes found
Score Distribution
Percent of People with Each Score
Percentile by Number Answered
Your Score History
You have not taken this quiz